000 00694nam a2200265Ia 4500
005 20260302114722.0
008 008 260114s9999 xx 000 0 eng d
020 _a9789354359378
037 _aTextbook
040 _aCRL
040 _beng
040 _cCRL
041 _2eng
041 _aeng
084 _qCRL
100 _aPrasanta Chakravarty
_91119544
245 0 _aAssured Self, Restive Self Encounters with Crisis
260 _bBloomsbury
260 _bBloomsbury India
260 _c2023
650 _aLiterary Studies
856 _uhttps://doi.org/10.5040/9789354359378?locatt=label:secondary_bloomsburyCollections
942 _cEBOOK
999 _c1683594
_d1683594